000
00310nam a2200133Ia 4500
008
240624s9999 xx 000 0 und d
041
_a
eng
082
_a
823 AHM
100
_a
AHMAD JAMIL
245
_a
WANDERING FALCON
260
_c
2011
_a
New Delhi
_b
Hamish Hamilton
300
_a
192 : p.
365
_c
RS
_b
25
999
_c
17297
_d
17297